00293nam a2200121Ia 4500100002400000250000600024654001300030245005700043260003800100082001300138300000800151546001200159 aFleischmann/Albert  a2 acomputer aDistributed systems : Software Design implemetation bSpringer VerlagaNew Delhic1994 a5.1bFLE a390 aENGLISH